| 000 | 00318nam a2200109Ia 4500 | ||
|---|---|---|---|
| 008 | 230907s9999||||xx |||||||||||||| ||und|| | ||
| 082 |
_a621.31028553 _bSHE |
||
| 100 |
_aMadhusudan, Shertukde Hemchandra, _9115709 |
||
| 245 | 0 | _aPower systems analysis illustrated with MATLAB and ETAP / | |
| 300 | _a282 p. | ||
| 942 | _cBK | ||
| 999 |
_c599212 _d599212 |
||